[Event "PRO League Group Stage"]
[Site "chess.com INT"]
[Date "2019.03.07"]
[Round "9"]
[White "Brown, Michael William"]
[Black "Sarana, Alexey"]
[Result "1/2-1/2"]
[WhiteTitle "IM"]
[BlackTitle "GM"]
[WhiteElo "2524"]
[BlackElo "2630"]
[WhiteTeam "San Diego Surfers"]
[BlackTeam "Australia Kangaroos"]
[WhiteFideId "2037602"]
[BlackFideId "24133795"]
[EventDate "2019.01.08"]

1. Nf3 d5 2. e3 Nf6 3. c4 g6 4. b3 Bg7 5. Bb2 c6 6. d4 O-O 7. Bd3 Bf5 8. O-O
Nbd7 9. Qc2 Bxd3 10. Qxd3 Ne4 11. Nbd2 Ndf6 12. cxd5 cxd5 13. Rfc1 Qa5 14. b4
Qb6 15. Qb3 Nd6 16. a4 Rfc8 17. Ne5 e6 18. b5 a6 19. Ba3 Bf8 20. Bc5 Qa5 21. Bb4
Qd8 22. bxa6 bxa6 23. Qa3 a5 24. Bc5 Nde4 25. Nxe4 Nxe4 26. Bxf8 Qxf8 27. Qxf8+
Kxf8 28. f3 Nd6 29. Kf2 Ke8 30. g4 f6 31. Nd3 Rab8 32. Rxc8+ Rxc8 33. Nc5 Ke7
34. Rb1 h5 35. h3 h4 36. Rb6 Ra8 37. Rc6 Ra7 38. e4 dxe4 39. fxe4 e5 40. dxe5
fxe5 41. Ke2 Ra8 42. Rc7+ Ke8 43. Rg7 Rc8 44. Rxg6 Rxc5 45. Rxd6 Rc4 46. Re6+
Kf7 47. Rxe5 Rxa4 48. Kf3 Ra3+ 49. Kf4 a4 50. Ra5 Rxh3 51. Ra7+ Kg6 52. Ra6+ Kf7
53. Rxa4 Rb3 54. Ra5 h3 55. Rh5 Kg6 56. e5 Rb4+ 57. Kf3 Rb3+ 58. Ke4 Ra3 59. Kf4
Rb3 60. Ke4 Ra3 61. Kf4 Rb3 62. Rg5+ Kh6 63. Rg8 Kh7 64. Rg5 Kh6 65. Rh5+ Kg6
66. e6 Ra3 67. Ke5 Ra5+ 68. Kd6 Ra6+ 69. Ke7 Ra7+ 70. Kd6 Ra6+ 71. Kd7 Ra7+ 72.
Kd6 Ra6+ 1/2-1/2

[Event "PRO League Group Stage"]
[Site "chess.com INT"]
[Date "2019.03.07"]
[Round "9"]
[White "Dreev, Aleksey"]
[Black "Illingworth, Max"]
[Result "1/2-1/2"]
[WhiteTitle "GM"]
[BlackTitle "GM"]
[WhiteElo "2670"]
[BlackElo "2501"]
[WhiteTeam "San Diego Surfers"]
[BlackTeam "Australia Kangaroos"]
[WhiteFideId "4100107"]
[BlackFideId "3205207"]
[EventDate "2019.01.08"]

1. d4 Nf6 2. Nf3 g6 3. g3 Bg7 4. Bg2 O-O 5. O-O d6 6. Nc3 Nbd7 7. e4 e5 8. a4 c6
9. a5 Qc7 10. Re1 Re8 11. h3 Rb8 12. b3 b5 13. axb6 axb6 14. Ba3 exd4 15. Nxd4
Bb7 16. Qd2 Nc5 17. Rad1 Rbd8 18. Qf4 Nh5 19. Qc1 b5 20. Bb2 Nf6 21. Qf4 Nh5 22.
Qd2 Nf6 23. Qf4 Nh5 24. Qc1 Nf6 25. b4 Na6 26. Na2 Nd7 27. Nb3 Ne5 28. f4 Nc4
29. Bxg7 Kxg7 30. Kh2 Kg8 31. Nd2 d5 32. Nxc4 dxc4 33. e5 c5 34. Bxb7 Qxb7 35.
Rxd8 Rxd8 36. Rd1 Rd5 37. Nc3 Rxd1 38. Qxd1 Nxb4 39. Qd8+ Kg7 40. Qf6+ Kg8 41.
Qd8+ Kg7 42. Qf6+ Kg8 43. Qd8+ Kg7 1/2-1/2

[Event "PRO League Group Stage"]
[Site "chess.com INT"]
[Date "2019.03.07"]
[Round "9"]
[White "Fernandez, Daniel Howard"]
[Black "Sam, Gabriel"]
[Result "1/2-1/2"]
[WhiteTitle "GM"]
[WhiteElo "2465"]
[BlackElo "2185"]
[WhiteTeam "Australia Kangaroos"]
[BlackTeam "San Diego Surfers"]
[WhiteFideId "5801605"]
[BlackFideId "75000776"]
[EventDate "2019.01.08"]

1. Nf3 Nf6 2. c4 c5 3. g3 g6 4. Bg2 Bg7 5. O-O O-O 6. Nc3 Nc6 7. d3 d5 8. cxd5
Nxd5 9. Bd2 Nc7 10. a3 b6 11. b4 cxb4 12. axb4 Nxb4 13. Ne4 Nbd5 14. Rb1 Bb7 15.
Qa4 Ne6 16. Rfc1 Nf6 17. Nfg5 Nxe4 18. Nxe6 fxe6 19. Bxe4 Bxe4 20. Qxe4 Qd5 21.
Rc7 Qxe4 22. dxe4 Bd4 23. e3 Bc5 24. Bb4 Rfc8 25. Rb7 Kf8 26. Bxc5 bxc5 27. Rd1
c4 28. Rdd7 c3 29. Rxe7 c2 30. Rf7+ Kg8 31. Rg7+ Kf8 32. Rgf7+ 1/2-1/2

[Event "PRO League Group Stage"]
[Site "chess.com INT"]
[Date "2019.03.07"]
[Round "9"]
[White "Clarke, Brandon G I"]
[Black "Costello, Alexander"]
[Result "1-0"]
[WhiteTitle "FM"]
[WhiteElo "2400"]
[BlackElo "2231"]
[WhiteTeam "Australia Kangaroos"]
[BlackTeam "San Diego Surfers"]
[WhiteFideId "400319"]
[BlackFideId "2099659"]
[EventDate "2019.01.08"]

1. e4 e5 2. Nf3 Nc6 3. Bb5 a6 4. Ba4 Nf6 5. O-O Be7 6. Re1 b5 7. Bb3 d6 8. c3
O-O 9. h3 Nb8 10. d4 Nbd7 11. Nbd2 Bb7 12. Bc2 Re8 13. Nf1 Bf8 14. Ng3 g6 15. a4
c5 16. d5 c4 17. Bg5 h6 18. Be3 Bg7 19. Qd2 Kh7 20. Nh2 Qe7 21. Rf1 Rf8 22. f4
exf4 23. Rxf4 Ne5 24. Nf3 Nxf3+ 25. Rxf3 Nd7 26. Rf4 h5 27. Raf1 Ne5 28. Ne2 Bc8
29. Nd4 Bd7 30. axb5 axb5 31. R4f2 Ra2 32. Qc1 Nd3 33. Bxd3 cxd3 34. Rf4 Be5 35.
R4f3 Bxd4 36. Bxd4 f5 37. exf5 Bxf5 38. Re1 Qd7 39. Qg5 Ra7 40. Rfe3 Rf7 41. Re8
Rg7 42. Bxg7 d2 43. Qh6# 1-0

[Event "PRO League Group Stage"]
[Site "chess.com INT"]
[Date "2019.03.07"]
[Round "9"]
[White "Xu, Xiangyu"]
[Black "Sargissian, Gabriel"]
[Result "1/2-1/2"]
[WhiteTitle "GM"]
[BlackTitle "GM"]
[WhiteElo "2567"]
[BlackElo "2689"]
[WhiteTeam "Chengdu Pandas"]
[BlackTeam "Seattle Sluggers"]
[WhiteFideId "8608288"]
[BlackFideId "13300881"]
[EventDate "2019.01.08"]

1. d4 Nf6 2. c3 d5 3. Bf4 Bf5 4. e3 c6 5. Bd3 Bxd3 6. Qxd3 e6 7. Nf3 Bd6 8. Bxd6
Qxd6 9. Nbd2 Nbd7 10. O-O O-O 11. c4 1/2-1/2

[Event "PRO League Group Stage"]
[Site "chess.com INT"]
[Date "2019.03.07"]
[Round "9"]
[White "Wang, Yue"]
[Black "Petrosian, Tigran L."]
[Result "1/2-1/2"]
[WhiteTitle "GM"]
[BlackTitle "GM"]
[WhiteElo "2684"]
[BlackElo "2598"]
[WhiteTeam "Chengdu Pandas"]
[BlackTeam "Seattle Sluggers"]
[WhiteFideId "8601429"]
[BlackFideId "13301616"]
[EventDate "2019.01.08"]

1. d4 d6 2. Nf3 Bg4 3. g3 Bxf3 4. exf3 c6 5. f4 e6 6. Nd2 Ne7 7. Bd3 g6 8. Nf3
Bg7 9. c3 Nd7 10. Qe2 c5 11. dxc5 Nxc5 12. Bb5+ Nd7 13. O-O a6 14. Ba4 b5 15.
Bc2 O-O 16. Rd1 d5 17. a4 bxa4 18. Rxa4 a5 19. Be3 Qc7 20. h4 Rfb8 21. Ra2 Nb6
22. f5 Nxf5 23. Bxf5 gxf5 24. Bf4 Qc4 25. Qxc4 Nxc4 26. Bxb8 Rxb8 27. Nd4 Rxb2
28. Rxb2 Nxb2 29. Rb1 Bxd4 30. cxd4 Nc4 31. Rb8+ Kg7 32. Kf1 a4 33. Ra8 a3 34.
Ke2 h5 35. Ra7 Kg6 36. Kf3 f6 37. Ke2 e5 38. dxe5 fxe5 39. Ra6+ Kf7 40. Kd3 Ke7
41. Kc3 Nd6 42. Kd3 Ne4 43. Ke3 d4+ 44. Kf3 d3 45. Ke3 d2 46. Ke2 Nxf2 47. Kxd2
Ne4+ 48. Ke3 Nxg3 49. Rxa3 f4+ 50. Kf3 Ke6 51. Ra8 Nf5 52. Rh8 Ng3 53. Rg8 Kd5
54. Rd8+ Ke6 55. Rg8 Kf5 56. Rf8+ Kg6 57. Rg8+ Kf7 58. Rh8 Kg7 59. Re8 Kf6 60.
Rf8+ Ke7 61. Rh8 Ke6 62. Re8+ Kd6 63. Rd8+ Ke7 64. Rh8 Kf6 65. Rf8+ Kg6 66. Rg8+
Kf5 67. Rf8+ Ke6 68. Re8+ Kd5 69. Rd8+ Kc5 70. Re8 Kd4 71. Rd8+ Kc4 72. Re8 Kd5
73. Rd8+ Ke6 74. Re8+ Kf5 75. Rf8+ 1/2-1/2

[Event "PRO League Group Stage"]
[Site "chess.com INT"]
[Date "2019.03.07"]
[Round "9"]
[White "Margvelashvili, Giorgi"]
[Black "Zhai, Mo"]
[Result "1-0"]
[WhiteTitle "GM"]
[BlackTitle "WGM"]
[WhiteElo "2530"]
[BlackElo "2365"]
[WhiteTeam "Seattle Sluggers"]
[BlackTeam "Chengdu Pandas"]
[WhiteFideId "13602926"]
[BlackFideId "8600201"]
[EventDate "2019.01.08"]

1. d4 Nf6 2. c4 g6 3. Nc3 d5 4. Bg5 Bg7 5. e3 c5 6. Bxf6 Bxf6 7. dxc5 Qa5 8. Rc1
O-O 9. cxd5 Nd7 10. Nf3 Nxc5 11. Nd4 Rd8 12. a3 Ne4 13. Bc4 Nxc3 14. Rxc3 b5 15.
Bb3 Bb7 16. O-O Bxd5 17. Bxd5 Rxd5 18. Qf3 Qd8 19. Nc6 Rf5 20. Qe4 Qd5 21. Nxe7+
Bxe7 22. Qxe7 Re5 23. Qc7 Rg5 24. g3 h5 25. Qc6 Rd8 26. Qxd5 Rgxd5 27. Rfc1 Rd2
28. R1c2 Kg7 29. Kg2 Kf6 30. b4 Rxc2 31. Rxc2 Rd3 32. Rc6+ Kg7 33. Ra6 Rd7 34.
Kf3 Kf8 35. h3 Ke7 36. g4 hxg4+ 37. hxg4 Kd8 38. Ke4 Kc8 39. f4 Kb7 40. Rf6 Kc7
41. f5 gxf5+ 42. gxf5 Kd8 43. Kf4 Ke7 44. Ra6 f6 45. e4 Rc7 46. Ra5 Rb7 47. e5
fxe5+ 48. Kxe5 Kf7 49. Ra6 Rd7 50. Rd6 Re7+ 51. Kd5 Rc7 52. Rc6 Re7 53. Rh6 Re3
54. Ra6 Rc3 55. Rxa7+ Kf6 56. Ra5 Kxf5 57. Rxb5 Rxa3 58. Kc6+ Ke6 59. Rc5 Ke7
60. b5 Kd8 61. Kb7 Rd3 62. b6 Kd7 63. Kb8 Rb3 64. b7 Rb1 65. Rc7+ Kd8 66. Rc2
Kd7 67. Rd2+ Ke7 68. Rd4 Rc1 69. Ka7 Ra1+ 70. Kb6 Rb1+ 71. Kc6 Ke6 72. Rd8 1-0

[Event "PRO League Group Stage"]
[Site "chess.com INT"]
[Date "2019.03.07"]
[Round "9"]
[White "Lampman, Becca"]
[Black "Li, Di"]
[Result "0-1"]
[BlackTitle "IM"]
[WhiteElo "2030"]
[BlackElo "2488"]
[WhiteTeam "Seattle Sluggers"]
[BlackTeam "Chengdu Pandas"]
[WhiteFideId "2082128"]
[BlackFideId "8607508"]
[EventDate "2019.01.08"]

1. d4 e6 2. c4 b6 3. Nc3 Bb7 4. a3 f5 5. Nf3 Nf6 6. e3 Be7 7. Bd3 O-O 8. O-O Qe8
9. Qe2 Ne4 10. Bxe4 fxe4 11. Nd2 d5 12. b4 Nd7 13. Bb2 a5 14. b5 Bd6 15. Rfc1
Qe7 16. Nf1 Qh4 17. Na4 dxc4 18. Rxc4 Rf5 19. Ng3 Raf8 20. Rc2 Nf6 21. h3 Rg5
22. Bc3 Rxg3 0-1

[Event "PRO League Group Stage"]
[Site "chess.com INT"]
[Date "2019.03.07"]
[Round "9"]
[White "Safarli, Eltaj"]
[Black "Zhou, Jianchao"]
[Result "1/2-1/2"]
[WhiteTitle "GM"]
[BlackTitle "GM"]
[WhiteElo "2681"]
[BlackElo "2609"]
[WhiteTeam "San Jose Hackers"]
[BlackTeam "Dallas Destiny"]
[WhiteFideId "13402129"]
[BlackFideId "8603537"]
[EventDate "2019.01.08"]

1. e4 c5 2. Nc3 a6 3. g3 Nc6 4. Bg2 g6 5. Nge2 Bg7 6. d3 d6 7. O-O Nf6 8. h3 O-O
9. Bg5 Rb8 10. Qd2 b5 11. Rae1 b4 12. Nd5 e6 13. Nxf6+ Bxf6 14. h4 e5 15. f4
Bxg5 16. hxg5 Bg4 17. Bf3 Bxf3 18. Rxf3 d5 19. Qe3 Nd4 20. Nxd4 cxd4 21. Qd2
dxe4 22. Rxe4 exf4 23. Qxf4 Qd5 24. b3 Rbd8 25. Rf2 Rfe8 26. Rfe2 Rxe4 27. Rxe4
Qc5 28. Re2 Qc6 29. Kh2 Re8 30. Rxe8+ Qxe8 31. Qxd4 Qe2+ 32. Kh3 Qf1+ 33. Kh2
Qe2+ 34. Kh3 Qf1+ 35. Kh2 Qe2+ 36. Kh3 1/2-1/2

[Event "PRO League Group Stage"]
[Site "chess.com INT"]
[Date "2019.03.07"]
[Round "9"]
[White "Chirila, Ioan-Cristian"]
[Black "Gorovets, Andrey"]
[Result "1/2-1/2"]
[WhiteTitle "GM"]
[BlackTitle "GM"]
[WhiteElo "2566"]
[BlackElo "2509"]
[WhiteTeam "San Jose Hackers"]
[BlackTeam "Dallas Destiny"]
[WhiteFideId "1211668"]
[BlackFideId "13504037"]
[EventDate "2019.01.08"]

1. d4 f5 2. Bf4 Nf6 3. e3 d6 4. h4 Nc6 5. Nf3 e6 6. c4 g6 7. h5 Nxh5 8. Rxh5
gxh5 9. Ng5 Qf6 10. Be2 Ne7 11. Bxh5+ Ng6 12. Nc3 Bd7 13. Nf3 Be7 14. c5 O-O 15.
Bxg6 Qxg6 16. Qe2 Bc6 17. O-O-O Be4 18. Rh1 Kh8 19. Nh4 Qf7 20. Nxe4 fxe4 21. g4
Rg8 22. f3 Bf6 23. cxd6 cxd6 24. Bxd6 Rac8+ 25. Kb1 Bxh4 26. Rxh4 exf3 27. Be5+
Rg7 28. Qd3 Kg8 29. Bxg7 Qxg7 30. Qe4 Qf7 31. Rh2 Rf8 32. Rf2 h6 33. Kc2 b6 34.
Kd2 Qf6 35. Ke1 Rf7 36. Kf1 Qh4 37. Rxf3 Qh1+ 38. Kf2 Qh2+ 39. Kf1 Qh1+ 40. Kf2
Qh2+ 41. Kf1 Qh1+ 42. Kf2 Qh2+ 43. Kf1 Qh1+ 44. Kf2 Qh2+ 45. Kf1 Qh1+ 1/2-1/2

[Event "PRO League Group Stage"]
[Site "chess.com INT"]
[Date "2019.03.07"]
[Round "9"]
[White "Javakhadze, Zurab"]
[Black "Yoo, Christopher Woojin"]
[Result "1-0"]
[WhiteTitle "IM"]
[BlackTitle "FM"]
[WhiteElo "2449"]
[BlackElo "2388"]
[WhiteTeam "Dallas Destiny"]
[BlackTeam "San Jose Hackers"]
[WhiteFideId "13603647"]
[BlackFideId "30909694"]
[EventDate "2019.01.08"]

1. Nf3 Nf6 2. c4 g6 3. d4 Bg7 4. e3 O-O 5. Be2 d6 6. O-O Nbd7 7. Nc3 e5 8. Qc2
Re8 9. b3 Nf8 10. dxe5 dxe5 11. Ba3 Bg4 12. h3 Bxf3 13. Bxf3 e4 14. Rad1 Qc8 15.
Nxe4 Ne6 16. Nxf6+ Bxf6 17. Rd3 h5 18. Rfd1 Ng5 19. Be2 Qf5 20. Bf1 Re4 21. Bb2
Rae8 22. Bxf6 Qxf6 23. Qc3 Qc6 24. Rd5 Nh7 25. Be2 Nf6 26. Rd8 Rxd8 27. Rxd8+
Re8 28. Bf3 Qa6 29. Bxb7 Qxb7 30. Qxf6 Rxd8 31. Qxd8+ Kg7 32. Qd4+ Kg8 33. e4
Qa6 34. Qd2 Qe6 35. Qd8+ Kg7 36. Qxc7 Qxe4 37. Qxa7 h4 38. Qe3 Qb1+ 39. Kh2 Qxa2
40. c5 Qa5 41. Qd4+ Kg8 42. b4 Qc7+ 43. Qd6 Qb7 44. c6 Qb6 45. b5 g5 46. Qe5 f6
47. Qe8+ Kg7 48. Qe7+ Kg6 49. c7 Qxf2 50. Qe4+ f5 51. Qe6+ Kg7 52. Qd7+ Kg6 53.
Qd6+ Kh5 54. c8=Q 1-0

[Event "PRO League Group Stage"]
[Site "chess.com INT"]
[Date "2019.03.07"]
[Round "9"]
[White "Wheeler, Cameron"]
[Black "Taghizadeh, Rayan"]
[Result "1-0"]
[WhiteTitle "IM"]
[BlackTitle "FM"]
[WhiteElo "2417"]
[BlackElo "2298"]
[WhiteTeam "Dallas Destiny"]
[BlackTeam "San Jose Hackers"]
[WhiteFideId "2060531"]
[BlackFideId "2054019"]
[EventDate "2019.01.08"]

1. d4 Nf6 2. c4 e6 3. Nc3 Bb4 4. g3 O-O 5. Bg2 Bxc3+ 6. bxc3 d6 7. e4 Nc6 8. f4
e5 9. Ne2 Re8 10. Qd3 Bg4 11. d5 Bxe2 12. Qxe2 Na5 13. O-O Nd7 14. Ba3 b6 15.
Rf2 Qe7 16. Raf1 Rf8 17. Bh3 Rae8 18. f5 f6 19. Bg4 Nc5 20. Bh5 Rd8 21. Bg6 Qd7
22. Bc1 Rfe8 23. Qh5 h6 24. Re2 Nxc4 25. g4 Nd3 26. g5 Nxc1 27. Rg2 fxg5 28.
Rxg5 Ne2+ 29. Qxe2 Rf8 30. f6 Qh3 31. Rg3 Qh4 32. f7+ Kh8 33. Qxc4 1-0

[Event "PRO League Group Stage"]
[Site "chess.com INT"]
[Date "2019.03.07"]
[Round "9"]
[White "Sarana, Alexey"]
[Black "Dreev, Aleksey"]
[Result "1/2-1/2"]
[WhiteTitle "GM"]
[BlackTitle "GM"]
[WhiteElo "2630"]
[BlackElo "2670"]
[WhiteTeam "Australia Kangaroos"]
[BlackTeam "San Diego Surfers"]
[WhiteFideId "24133795"]
[BlackFideId "4100107"]
[EventDate "2019.01.08"]

1. d4 d5 2. c4 c6 3. Nf3 Nf6 4. Nc3 e6 5. e3 Nbd7 6. Qc2 b6 7. cxd5 cxd5 8. Nb5
Bb4+ 9. Bd2 Bxd2+ 10. Nxd2 O-O 11. Bd3 Ba6 12. O-O Rc8 13. Qa4 Nb8 14. Rfc1 Qd7
15. Qb4 Nc6 16. Qa3 Nb8 17. Rxc8 Rxc8 18. Nd6 Rc6 19. Nxf7 Qxf7 20. Bxa6 Rc2 21.
Nf3 Nxa6 22. Qxa6 Ne4 23. Rf1 h6 24. b4 Qc7 25. Ne5 Nd2 26. Qa4 Rc1 27. Qe8+ Kh7
28. Qg6+ Kh8 29. Qe8+ Kh7 30. Qg6+ Kh8 31. Qe8+ Kh7 32. Qg6+ 1/2-1/2

[Event "PRO League Group Stage"]
[Site "chess.com INT"]
[Date "2019.03.07"]
[Round "9"]
[White "Illingworth, Max"]
[Black "Brown, Michael William"]
[Result "1-0"]
[WhiteTitle "GM"]
[BlackTitle "IM"]
[WhiteElo "2501"]
[BlackElo "2524"]
[WhiteTeam "Australia Kangaroos"]
[BlackTeam "San Diego Surfers"]
[WhiteFideId "3205207"]
[BlackFideId "2037602"]
[EventDate "2019.01.08"]

1. e4 e5 2. Nf3 Nc6 3. Bb5 a6 4. Ba4 Nf6 5. O-O Be7 6. Re1 b5 7. Bb3 d6 8. c3
O-O 9. h3 Nb8 10. d4 Nbd7 11. Nbd2 Bb7 12. Bc2 Re8 13. Nf1 Bf8 14. Ng3 g6 15. a4
c5 16. d5 c4 17. Bg5 h6 18. Be3 Qc7 19. Qd2 h5 20. Bg5 Be7 21. Nh4 Nc5 22. Nhf5
gxf5 23. Nxf5 Nh7 24. Bxe7 Rxe7 25. Qh6 f6 26. Nxe7+ Qxe7 27. axb5 axb5 28.
Rxa8+ Bxa8 29. Ra1 Bb7 30. Ra5 Ba6 31. Qxh5 Qd8 32. Ra1 Bb7 33. f4 Qb6 34. Kh2
b4 35. fxe5 dxe5 36. Rf1 b3 37. Bd1 Kg7 38. Bg4 Nxe4 39. Bf5 Neg5 40. h4 Bxd5
41. hxg5 Nxg5 42. Qg6+ Kf8 43. Bd3 Ke7 44. Qg7+ Nf7 45. Bg6 e4 46. Kh1 Qe6 47.
Bxf7 Qxf7 48. Qxf7+ Kxf7 49. Kg1 Kg6 50. Kf2 Kg5 51. Ke3 f5 52. Kd4 Bf7 53. Ke5
Bg6 54. g3 Kg4 55. Kd4 Kh3 56. Ke3 Kg4 57. Rd1 Bh5 58. Rd5 Kg5 59. Rd7 Bg6 60.
Rc7 Kg4 61. Kf2 f4 62. gxf4 Kxf4 63. Rxc4 Bf7 64. Rd4 Be6 65. c4 Bg4 66. c5 Be6
67. c6 1-0

[Event "PRO League Group Stage"]
[Site "chess.com INT"]
[Date "2019.03.07"]
[Round "9"]
[White "Costello, Alexander"]
[Black "Fernandez, Daniel Howard"]
[Result "0-1"]
[BlackTitle "GM"]
[WhiteElo "2231"]
[BlackElo "2465"]
[WhiteTeam "San Diego Surfers"]
[BlackTeam "Australia Kangaroos"]
[WhiteFideId "2099659"]
[BlackFideId "5801605"]
[EventDate "2019.01.08"]

1. e4 e5 2. Nf3 Nf6 3. Nxe5 d6 4. Nf3 Nxe4 5. Nc3 Nxc3 6. dxc3 Be7 7. Be3 Nd7 8.
Qd2 O-O 9. O-O-O Nf6 10. Nd4 c5 11. Nb5 d5 12. Bf4 Be6 13. Nc7 Rc8 14. Nxe6 fxe6
15. f3 Ne4 16. fxe4 Rxf4 17. Qd3 c4 18. Qe2 Rxe4 19. Qxe4 dxe4 20. Rxd8+ Bxd8
21. Kd1 Bg5 22. Ke1 b5 23. g3 Bc1 24. b3 Kf7 25. Bg2 cxb3 26. axb3 Rxc3 27. Kd1
Bg5 28. Bxe4 a5 29. Rf1+ Bf6 30. Kd2 Rc8 31. g4 h6 32. Bd3 Rc5 33. h4 Ke7 34. h5
a4 35. bxa4 bxa4 36. Rb1 Rc7 37. Rb6 Bc3+ 38. Ke2 Ba5 39. Ra6 Rc5 40. Bc4 Rxc4
41. Rxa5 Rxg4 42. Kd3 Kd6 43. Ra7 Kc5 44. Ra5+ Kb4 45. Ra8 Rg3+ 46. Ke4 Rg5 47.
Rb8+ Kc3 48. Rc8+ Kb2 49. Ra8 Kxc2 50. Rxa4 Rg4+ 0-1

[Event "PRO League Group Stage"]
[Site "chess.com INT"]
[Date "2019.03.07"]
[Round "9"]
[White "Sam, Gabriel"]
[Black "Clarke, Brandon G I"]
[Result "0-1"]
[BlackTitle "FM"]
[WhiteElo "2185"]
[BlackElo "2400"]
[WhiteTeam "San Diego Surfers"]
[BlackTeam "Australia Kangaroos"]
[WhiteFideId "75000776"]
[BlackFideId "400319"]
[EventDate "2019.01.08"]

1. e4 c5 2. Nf3 d6 3. d4 cxd4 4. Nxd4 Nf6 5. Nc3 a6 6. Be3 e5 7. Nb3 Be6 8. f3
h5 9. Qd2 Nbd7 10. O-O-O Be7 11. g3 b5 12. Nd5 Bxd5 13. exd5 Nb6 14. Bxb6 Qxb6
15. Na5 O-O 16. Nc6 Rfe8 17. Bg2 Rac8 18. f4 Bf8 19. fxe5 dxe5 20. Rhf1 e4 21.
Rde1 Qc5 22. Rxf6 gxf6 23. Bxe4 f5 24. Qg5+ Bg7 25. Qxf5 Rxc6 26. Qh7+ Kf8 27.
dxc6 Bxb2+ 28. Kd1 Qd4+ 29. Bd3 Rxe1+ 30. Kxe1 Qe3+ 31. Kd1 Bc3 32. Qh8+ Bxh8
33. c7 Qg1+ 34. Ke2 Qxh2+ 35. Kf3 Qh1+ 36. Kf4 Qc6 0-1

[Event "PRO League Group Stage"]
[Site "chess.com INT"]
[Date "2019.03.07"]
[Round "9"]
[White "Sargissian, Gabriel"]
[Black "Wang, Yue"]
[Result "1/2-1/2"]
[WhiteTitle "GM"]
[BlackTitle "GM"]
[WhiteElo "2689"]
[BlackElo "2684"]
[WhiteTeam "Seattle Sluggers"]
[BlackTeam "Chengdu Pandas"]
[WhiteFideId "13300881"]
[BlackFideId "8601429"]
[EventDate "2019.01.08"]

1. c4 e6 2. Nc3 d5 3. d4 a6 4. cxd5 exd5 5. Nf3 h6 6. Bf4 Nf6 7. e3 Bd6 8. Ne5
O-O 9. Bd3 Re8 10. Bg3 c5 11. O-O cxd4 12. exd4 Nc6 13. Nxc6 bxc6 14. Qd2 Bxg3
15. hxg3 Qd6 16. Rfe1 Rxe1+ 17. Rxe1 a5 18. a3 Bd7 19. Na4 Qc7 20. Nc5 Bg4 21.
Qc3 Nd7 22. Na4 Nf8 23. Rc1 Bd7 24. Nc5 Bc8 25. Bc2 Rb8 26. Ba4 Qb6 27. b3 Bf5
28. Qf3 Bc8 29. Qf4 Be6 30. Qd6 Rc8 31. Re1 Qc7 32. Qxc7 Rxc7 33. Na6 Rc8 34.
Rc1 Bd7 35. Nc5 Be8 36. f3 Ne6 37. Nxe6 fxe6 38. Rc5 Ra8 39. Bxc6 Bxc6 40. Rxc6
Rb8 41. Rc3 Kf7 42. Kf2 h5 43. Ke3 Kf6 44. Kd2 e5 45. Ke3 Rb6 46. dxe5+ Kxe5 47.
f4+ Kd6 48. Kd4 g6 49. Re3 Rb8 50. Re5 Rxb3 51. Rg5 Rxa3 52. Rxg6+ Ke7 53. Kxd5
Ra2 54. Ke5 Re2+ 55. Kf5 Rxg2 56. Rg7+ Kf8 57. Kf6 a4 58. Ra7 Kg8 59. Rxa4 Rxg3
60. f5 Rf3 61. Kg6 Rg3+ 62. Kf6 Rf3 63. Ra8+ Kh7 64. Ra7+ Kg8 65. Rg7+ Kf8 66.
Rh7 Kg8 67. Rxh5 Rf1 68. Rh2 Ra1 69. Re2 Kf8 70. Re6 Rf1 71. Ra6 Kg8 72. Ra5 Rf2
73. Ra8+ Kh7 74. Rf8 Ra2 75. Re8 Rf2 76. Ke6 Kg7 77. Re7+ Kf8 78. Rd7 Rf1 79.
Kf6 Kg8 80. Rd4 Rf2 81. Rg4+ Kf8 82. Kg6 Rf1 83. Rg2 Rf3 84. Rg1 Rf2 85. Ra1
Rg2+ 86. Kf6 Kg8 87. Ra8+ Kh7 88. Kf7 Rb2 89. Ra7 Rb8 90. f6 Kh6 91. Ke6 Kg6 92.
Rg7+ Kh6 93. Re7 Kg6 94. Rg7+ Kh6 95. Rg1 Rb6+ 96. Ke7 Rb7+ 97. Ke8 Rb8+ 98. Kd7
Rb7+ 99. Ke6 Rb6+ 100. Ke5 Rb5+ 101. Ke4 Rb4+ 102. Kf5 Rb5+ 103. Ke6 Rb6+ 104.
Ke7 Rb7+ 105. Kd8 Rf7 106. Rf1 Kg6 107. Ke8 Rxf6 108. Rxf6+ Kxf6 1/2-1/2

[Event "PRO League Group Stage"]
[Site "chess.com INT"]
[Date "2019.03.07"]
[Round "9"]
[White "Petrosian, Tigran L."]
[Black "Xu, Xiangyu"]
[Result "0-1"]
[WhiteTitle "GM"]
[BlackTitle "GM"]
[WhiteElo "2598"]
[BlackElo "2567"]
[WhiteTeam "Seattle Sluggers"]
[BlackTeam "Chengdu Pandas"]
[WhiteFideId "13301616"]
[BlackFideId "8608288"]
[EventDate "2019.01.08"]

1. Nf3 d5 2. g3 g6 3. Bg2 Bg7 4. O-O e5 5. d3 Ne7 6. c4 c6 7. Qc2 O-O 8. e4 Na6
9. a3 dxe4 10. dxe4 Bg4 11. c5 Nc7 12. Rd1 Qc8 13. Be3 f5 14. Bg5 fxe4 15. Bxe7
Re8 16. Qxe4 Rxe7 17. Nc3 Qf5 18. Re1 Rf8 19. Qxf5 gxf5 20. Nh4 Ne6 21. f3 Bh5
22. b4 Nd4 23. Ra2 Bf6 24. Kf2 e4 25. Ne2 Bf7 26. Rb2 Bc4 27. Nf4 e3+ 28. Rxe3
Rxe3 29. Kxe3 Re8+ 30. Kd2 Ne2 31. Rc2 Bb3 32. Nh5 Bxh4 33. Rb2 Bf7 34. Bf1 Bxh5
35. Bxe2 Bg5+ 36. Kd1 Rd8+ 37. Ke1 Bf7 38. b5 Bf6 39. Rc2 Bb3 40. Rc1 Bd4 41.
bxc6 bxc6 42. f4 Bd5 43. Bd3 Be4 44. Bxe4 Re8 45. Kd2 Rxe4 46. Kd3 Bb2 47. Rb1
Bxa3 48. Rb8+ Kf7 49. Rc8 Bxc5 50. Rc7+ Re7 51. Rxc6 Bg1 0-1

[Event "PRO League Group Stage"]
[Site "chess.com INT"]
[Date "2019.03.07"]
[Round "9"]
[White "Li, Di"]
[Black "Margvelashvili, Giorgi"]
[Result "1-0"]
[WhiteTitle "IM"]
[BlackTitle "GM"]
[WhiteElo "2488"]
[BlackElo "2530"]
[WhiteTeam "Chengdu Pandas"]
[BlackTeam "Seattle Sluggers"]
[WhiteFideId "8607508"]
[BlackFideId "13602926"]
[EventDate "2019.01.08"]

1. d4 Nf6 2. c4 e6 3. Nf3 c5 4. d5 exd5 5. cxd5 g6 6. Nc3 Bg7 7. g3 d6 8. Bg2
O-O 9. O-O Nbd7 10. a4 b6 11. h3 Ba6 12. Re1 Ne8 13. Bg5 Bf6 14. Bd2 Qe7 15. Qc2
Nc7 16. Rad1 Rfe8 17. h4 Bg7 18. Bg5 Qf8 19. Bf4 Nf6 20. e4 Nd7 21. h5 Rad8 22.
hxg6 hxg6 23. Kh2 Bc8 24. Rh1 Nf6 25. Ng5 Ng4+ 26. Kg1 f6 27. Nf3 a6 28. Bf1 Bd7
29. Bd3 Ne5 30. Nxe5 fxe5 31. Bg5 Bf6 32. Bh6 Bg7 33. Bg5 Bf6 34. Be3 Re7 35.
Kg2 Rh7 36. Rxh7 Kxh7 37. Rh1+ Kg8 38. Nb1 b5 39. b3 Bg7 40. Nd2 Bg4 41. Rh4 Bh5
42. Kf1 Qf6 43. Be2 Bxe2+ 44. Kxe2 Rf8 45. Qc1 Kf7 46. Nf3 Ke8 47. Ng5 Rh8 48.
Rxh8+ Bxh8 49. Qh1 Bg7 50. Qh3 Kd8 51. Nh7 Qf7 52. Bg5+ 1-0